| 000 | 00454nam a2200157Ia 4500 | ||
|---|---|---|---|
| 008 | 230312s9999||||xx |||||||||||||| ||und|| | ||
| 020 | _a8181285840 | ||
| 082 |
_a621.38 _bCHE-D |
||
| 100 | _aCheung, Vincent S. | ||
| 245 | 0 | _aDesign of low voltage cmosswitched-opamp switched-capacitor system | |
| 260 |
_bSpringer _aDelhi _c2007 |
||
| 300 | _a192 | ||
| 546 | _aEng. | ||
| 650 |
_aEngineering _vAnalysis and design cnsiderations of switched |
||
| 942 | _cBK | ||
| 999 |
_c1546 _d1546 |
||